000 00843cam a2200169 4500
001 WB3909-25
008 030305n2003 000 0 eng u
035 _a(Sirsi) u121528
245 _aDebate on GM food to start in May
260 _c2003
490 _aDEFRA News Release
_v26 February 2003 (2)
520 _aA national GM debate, organised by an independent steering board, will be happening around the UK between May and July. It will include conferences, debates and meetings. The Steering Board is due to report its findings to the government and the devolved administrations by the end of September. More information can be found on http://www.gpublicdebate.org. DEFRA News Release http://www.defra.gov.uk/news/2003/indx2003.asp
590 _aWB
650 _aGENETICALLY MODIFIED ORGANISMS
690 _aRural
_96268
942 _n0
999 _c72231
_d72231